000 00782nam a22002297a 4500
003 UA-OsUOA
001 50191
007 ta
008 20140527b un ||||| |||| 00| 0 ukr d
090 _a94(477).02
_bВ60
942 _cBK
040 _aUA-OsUOA
_bukr
_cUA-OsUOA
_dUA-OsUOA
245 _aВнешнеполитические факторы развития феодальной Руси: Феодальная Русь и кочевники
300 _a260 с.
955 _a1
041 _aukr
080 _a94(477).02
260 _aМ.
_bВысшая школа
_c1967
650 7 _a9 Географія. Біографії. Історія
_2UDC
999 _c430321
_d430321